000
00276nam a22001337a 4500
008
170921b xxu||||| |||| 00| 0 eng d
020
_a
038081268040
041
_a
eng
080
_a
78
100
_a
45
101
_a
MUZ
245
_a
J.S BACH
_c
PALMER,W.A
942
_2
udc
_c
BK
999
_c
28821
_d
28821